000
00283nam a2200145Ia 4500
100
_a
Robinson/ Simon
942
_c
BK
654
_a
C #
245
_a
Professional C #
260
_b
Wrox
_c
2001
082
_a
005.133'C'
_b
ROB
300
_a
1311
546
_a
ENGLISH
999
_c
34017
_d
34017